Word Ladder: Capital of the Yukon Quiz Stats

 Plays Quiz Updated Nov 29, 2016

Support Sporcle.
Go Orange.
Score 0/10 Timer 01:30
2 Plays Today
Clue 5-Letter Word % Correct
🌎 Barry or Snow, e.g. 🌎🌎 WHITE 🌎
99.3%
Computer command after 'copy'PASTE
93.1%
What haste makes?WASTE
89.4%
Reason for earplugs, perhapsNOISE
85.6%
'Missing You' singer JohnWAITE
84.2%
Viking languageNORSE
81.5%
Sheriff's helpersPOSSE
81%
No longer in fashionPASSÉ
80.1%
Coolness under pressurePOISE
78.6%
🌎 Gymnastics equipment 🌎🌎 HORSE 🌎
78%

Today's Daily Dose

You're not logged in!

Compare scores with friends on all Sporcle quizzes.
OR
Log In

From the Vault

Pick a PokΓ©mon Trio

by triviahappy

Okay everyone, you should probably take a 5 minute break from Pokemon X & Y and give this quiz a play.
Remove Ads.
Support Sporcle.
Get the best of Sporcle when you Go Orange. This ad-free experience offers more features, more stats, and more fun while also helping to support Sporcle. Thank you for becoming a member.

Show Comments

Extras

Top Quizzes Today


Score Distribution

Your Account Isn't Verified!

In order to create a playlist on Sporcle, you need to verify the email address you used during registration. Go to your Sporcle Settings to finish the process.

Report this User

Report this user for behavior that violates our Community Guidelines.

Details: